000 00663nam a22002177a 4500
003 SISC
005 20161108101208.0
008 161108b xxu||||| |||| 00| 0 eng d
020 _a9789351115496
050 _aTX 911.3.P46
_b.C426 2015
100 _aChabbra, Mahendra Singh.
245 _aResort development and management /
_cMahendra Singh Chabbra.
260 _aNew Delhi :
_bRandom Publications,
_c2015.
300 _a277 pages ;
_c23 cm.
500 _aIncludes index.
650 _aHotels
_xDesign and construction.
650 _aResorts
_xDesign and construction.
650 _a Hotels
_xPlanning.
650 _aResorts
_xPlanning.
942 _2lcc
_cBK
999 _c305183
_d305183